Archivos de la Sociedad Española de Oftalmología. (Record no. 2750)

MARC details
000 -LEADER
campo de control de longitud fija 00891nas a2200289 i 4500
001 - NÚMERO DE CONTROL
campo de control 2750
003 - IDENTIFICADOR DE NÚMERO DE CONTROL
campo de control ES-MaACL
005 - FECHA Y HORA DE LA ÚLTIMA TRANSACCIÓN
campo de control 20250814062601.0
007 - CAMPO FIJO DE DESCRIPCIÓN FÍSICA--INFORMACIÓN GENERAL
campo de control de longitud fija t|
008 - DATOS DE LONGITUD FIJA--INFORMACIÓN GENERAL
campo de control de longitud fija 000214c1971 sp m| | 0 ||pa d
022 ## - NÚMERO INTERNACIONAL NORMALIZADO PARA PUBLICACIONES SERIADAS
Número Internacional Normalizado para Publicaciones Seriadas 0365-6691
080 ## - NÚMERO DE LA CLASIFICACIÓN DECIMAL UNIVERSAL
Número de la Clasificación Decimal Universal (460)
080 ## - NÚMERO DE LA CLASIFICACIÓN DECIMAL UNIVERSAL
Número de la Clasificación Decimal Universal 617.7
080 ## - NÚMERO DE LA CLASIFICACIÓN DECIMAL UNIVERSAL
Número de la Clasificación Decimal Universal 06
245 00 - MENCIÓN DEL TÍTULO
Título Archivos de la Sociedad Española de Oftalmología.
260 ## - PUBLICACIÓN, DISTRIBUCIÓN, ETC.
Lugar de publicación, distribución, etc. Madrid :
Nombre del editor, distribuidor, etc. Sociedad Española de Oftalmología,
Fecha de publicación, distribución, etc. 1971-
300 ## - DESCRIPCIÓN FÍSICA
Extensión 104 v. ;
Dimensiones 25 cm.
310 ## - PERIODICIDAD ACTUAL
Periodicidad actual Mensual
362 0# - FECHAS DE PUBLICACIÓN Y/O DESIGNACIÓN SECUENCIAL
Fecha de publicación y/o designación secuencial Vol. 31, nº 1 (en. 1971)-
650 14 - PUNTO DE ACCESO ADICIONAL DE MATERIA--TÉRMINO DE MATERIA
Término de materia o nombre geográfico como elemento de entrada Oftalmología.
9 (RLIN) 15693
650 #4 - PUNTO DE ACCESO ADICIONAL DE MATERIA--TÉRMINO DE MATERIA
Término de materia o nombre geográfico como elemento de entrada Instituciones científicas y diversas
9 (RLIN) 13829
710 2# - ENTRADA AGREGADA--NOMBRE DE ENTIDAD CORPORATIVA
Nombre de entidad corporativa o nombre de jurisdicción como elemento de entrada Sociedad Española de Oftalmología.
9 (RLIN) 6742
780 00 - ENLACE A UN TÍTULO/ENTRADA ANTERIOR
Encabezamiento principal Archivos de la Sociedad Oftalmológica Hispano-Americana
852 ## - LOCALIZACIÓN
Ubicación ES-MaACL
Número de control de estantería Hem-962
866 #0 - MENCIÓN TEXTUAL DE FONDOS--UNIDAD BIBLIOGRÁFICA BÁSICA
Fondos 1971-77(1978 f.n8)(1979 f.n3)1980-96(1997).
Nota pública Deja de recibirse
Holdings
Estatus retirado Estado de pérdida Estado de daño No para préstamo Colección Biblioteca de origen Biblioteca actual Ubicación en estantería Fecha de adquisición Fuente de adquisición Total de préstamos Signatura topográfica completa Código de barras Visto por última vez Precio de reemplazo Tipo de ítem Koha
        Periódicos y Revistas Biblioteca del Ateneo de Madrid Biblioteca del Ateneo de Madrid Depósito 1 17/01/2008     Hem-962 1002803 23/02/2023 23/02/2023 Revista